Welcome to CU Library Online Public Access Catalogue (OPAC)

Publication Manual of the American Psychological Association (Record no. 9250)

MARC details
000 -LEADER
fixed length control field 00617nam a22001817a 4500
005 - DATE AND TIME OF LATEST TRANSACTION
control field 20260420095738.0
008 - FIXED-LENGTH DATA ELEMENTS--GENERAL INFORMATION
fixed length control field 260420b |||||||| |||| 00| 0 eng d
020 ## - INTERNATIONAL STANDARD BOOK NUMBER
International Standard Book Number 9781557987914
050 ## - LIBRARY OF CONGRESS CALL NUMBER
Classification number BF76.7
Item number .P83
110 ## - MAIN ENTRY--CORPORATE NAME
Corporate name or jurisdiction name as entry element Publication Manual of the American Psychological Association
245 ## - TITLE STATEMENT
Title Publication Manual of the American Psychological Association
250 ## - EDITION STATEMENT
Edition statement 5th
260 ## - PUBLICATION, DISTRIBUTION, ETC.
Place of publication, distribution, etc. Washinhton DC
Name of publisher, distributor, etc. American Psychological Association
Date of publication, distribution, etc. C2001
300 ## - PHYSICAL DESCRIPTION
Extent xxviii,439p,
Other physical details ill
500 ## - GENERAL NOTE
General note Includes index
710 ## - ADDED ENTRY--CORPORATE NAME
Corporate name or jurisdiction name as entry element ublication Manual of the American Psychological Association
942 ## - ADDED ENTRY ELEMENTS (KOHA)
Source of classification or shelving scheme Library of Congress Classification
Koha item type Books
Edition 5th
Suppress in OPAC No
999 ## -
-- 9250
-- 9250
Holdings
Withdrawn status Lost status Source of classification or shelving scheme Damaged status Not for loan Collection Home library Current library Shelving location Date acquired Total checkouts Full call number Barcode Date last seen Price effective from Koha item type
    Library of Congress Classification     Non-fiction Main Library (Kumasi) Law Library (Kumasi) General stacks 04/20/2026   BF76.7.P83 bssk00000011 04/20/2026 04/20/2026 Books
© 2023-2024 Copyright: Central University Libraries. All Rights Reserved | Created by: Mahone Tech Office